University Towns and Local Labor Markets

Vplyv univerzít na lokálny trh práce. Študenti Ekonomickej univerzity v Bratislave a ich práca popri štúdiu. Z realizovaného prieskumu vyplýva, že až 60% študentov EUBA popri štúdiu pracuje, najmä v oblasti finančníctva a poisťovníctva.

Uložené v:
Podrobná bibliografia
Hlavný autor: Sekelský, Lukáš
Médium: Kapitola
Jazyk:English
Predmet:
Tagy: Pridať tag
Žiadne tagy, Buďte prvý, kto otaguje tento záznam!

MARC

LEADER 00000nla a2200000 4500
001 0200682
005 20240502073407.9
041 0 |a eng 
044 |a SK 
245 1 0 |a University Towns and Local Labor Markets  |c Lukáš Sekelský 
520 |a Vplyv univerzít na lokálny trh práce. Študenti Ekonomickej univerzity v Bratislave a ich práca popri štúdiu. Z realizovaného prieskumu vyplýva, že až 60% študentov EUBA popri štúdiu pracuje, najmä v oblasti finančníctva a poisťovníctva. 
610 2 0 |a trh práce 
610 2 0 |a študenti 
610 2 0 |a univerzity 
610 2 0 |a Slovensko 
100 1 |a Sekelský, Lukáš